| 000 | 00816nam a22002057a 4500 | ||
|---|---|---|---|
| 999 |
_c14114 _d14114 |
||
| 003 | AR-CdUCM | ||
| 008 | 190422b ||||| |||| 00| 0 spa d | ||
| 040 |
_aMUNICIPALIDAD PROVINCIAL DEL CUSCO _cBIBLIOTECA MUNICIPAL DEL CUSCO |
||
| 082 |
_a947 / _bID29 |
||
| 245 | _aIdeas Leninistas / | ||
| 260 |
_aLima : _bHumboldt, _c1975. |
||
| 300 |
_a32 paginas ; _c21 cm. |
||
| 440 |
_aAño VI _nN° 6 _932779 |
||
| 505 | _aContenido : La primera revolución Rusa y los procesos políticos e América Latina, por M. Ounrva -- El tratado de Varsovia : veinte años después -- En torno a la naturaleza clasista de la coexistencia pacifica, por : N. Lebedev. | ||
| 650 |
_aProcesos políticos _932780 |
||
| 650 |
_aVarsovia _932781 |
||
| 650 |
_aRevolución Rusa _91925 |
||
| 942 |
_2ddc _cLIBROS |
||
| 945 |
_awnts _d2019-04-22 |
||